| 000 | 00653nam a2200205Ii 4500 | ||
|---|---|---|---|
| 003 | JO-AjNU | ||
| 008 | 230605s9999||||xx |||||||||||||| ||und|| | ||
| 017 | _a1989/4/284 | ||
| 040 |
_aJO-AjNU _bara _erda _cJO-AjNU |
||
| 041 | _aara | ||
| 050 | 1 | 4 | _aPJ7852.A17 1989 |
| 100 | 3 |
_aتأليف النسعة، عبد المجيد مهدي, _eauthor _938182 |
|
| 245 | 0 | 0 | _aصدى السنين |
| 264 | 3 | 1 | _aعمان:المؤلف،1989 |
| 300 | _a158ص | ||
| 336 |
_atext _btxt _2rdacontent |
||
| 337 |
_aunmediated _bn _2rdamedia |
||
| 338 |
_avolume _bnc _2rdacarrier |
||
| 650 | 4 |
_aالشعر العربي - العصر الحديث - الأردن _938183 |
|
| 999 |
_aA16020 _c19588 _d19588 |
||